| 000 | 01469cam a2200397La 4500 | ||
|---|---|---|---|
| 001 | 4243725 | ||
| 003 | ARRUPE | ||
| 005 | 20150904135951.0 | ||
| 006 | m u | ||
| 007 | cr cn- | ||
| 008 | 010816s2001 enk sb 001 0deng d | ||
| 020 | _a0203170199 (electronic bk.) | ||
| 035 | _a(OCoLC)48139618 | ||
| 035 | _a(OCoLC)ocm48139618 | ||
| 035 | _a(N$T)ocm48139618 | ||
| 035 | _a(NNC)4243725 | ||
| 040 |
_aN$T _cN$T _dOCLCQ |
||
| 050 | 1 | 4 |
_aPN51 _b.A86 2001eb |
| 082 | 0 | 4 |
_a801/.95/092 _221 |
| 100 | 1 |
_aAshcroft, Bill, and Ahluwalia, Pal _d1946- _919315 |
|
| 245 | 1 | 0 |
_aEdward Said _cBill Ashcroft and Pal Ahluwalia. |
| 260 |
_aLondon ; _aNew York : _bRoutledge, _c2001. |
||
| 300 |
_aviii, 167 p. ; _c20 cm. |
||
| 504 | _aIncludes bibliographical references (p. 143-162) and index. | ||
| 533 |
_aElectronic reproduction. _bBoulder, Colo. : _cNetLibrary, _d2001. _nAvailable via World Wide Web. _nAccess may be limited to NetLibrary affiliated libraries. |
||
| 600 | 1 | 0 |
_aSaid, Edward W. _919316 |
| 650 | 0 |
_aPolitics and literature. _911589 |
|
| 650 | 0 |
_aCriticism _xPolitical aspects. _919317 |
|
| 655 | 7 |
_aElectronic books. _2local _919318 |
|
| 700 | 1 |
_aAhluwalia, D. P. S. _q(D. Pal S.) _919319 |
|
| 710 | 2 |
_aNetLibrary, Inc. _912 |
|
| 776 | 1 |
_cOriginal _z0415247772 _w(DLC) 00062747 _w(OCoLC)44885255 |
|
| 856 | 4 |
_uhttp://www.columbia.edu/cgi-bin/cul/resolve?clio4243725 _zClick here for full text. |
|
| 942 |
_2lcc _cMONOGRAPH |
||
| 999 |
_c123234 _d123234 |
||